000 00695nam a22001817a 4500
005 20251108171007.0
008 250721s1986 xx 000 0 ara d
082 1 4 _aم/920/حبي
100 1 _aإبن حبيب الحلبي، بدر الدين أبو محمد ...
245 1 0 _aتذكرة النبيه في أيام المنصور و بنية /
264 1 _aالقاهرة :
_bالهيئة المصرية العامة للكتاب : مركز تحقيق التراث،
_c1986.
300 _aج
500 _aالمحتويات ج3 حوادث و تراجم 741 - 770ه
650 1 7 _aتراجم
700 1 _aأمين، محمد محمد
_eتحقيق
942 _2ddc
_cREF
999 _c53907
_d53907